Hợp tác tài chính - tiền tệ Đông Á : sự cần thiết, thực tiễn và triển vọng /
Đã lưu trong:
| Príomhúdar: | |
|---|---|
| Formáid: | Bài viết |
| Teanga: | Vietnamese |
| Ábhair: | |
| Clibeanna: |
Cuir Clib Leis
Gan Chlibeanna, Bí ar an gcéad duine leis an taifead seo a chlibeáil!
|
| Thư viện lưu trữ: | Thư viện Trường Đại học Đà Lạt |
|---|
| LEADER | 00860nam a2200301 4500 | ||
|---|---|---|---|
| 001 | DLU060054051 | ||
| 040 | # | # | |a DLU |b vie |
| 041 | # | # | |a vie |
| 044 | # | # | |a vn |
| 100 | # | # | |a Nguyễn Hồng Sơn |
| 245 | # | # | |a Hợp tác tài chính - tiền tệ Đông Á : sự cần thiết, thực tiễn và triển vọng / |c Nguyễn Hồng sơn |
| 653 | # | # | |a Đông Á |
| 653 | # | # | |a Hợp tác |
| 653 | # | # | |a Kinh tế thế giới |
| 653 | # | # | |a Tài chính |
| 653 | # | # | |a Tiền tệ |
| 773 | # | # | |t Nghiên cứu kinh tế |g Số 319, 2004, tr.55 - 66 |
| 920 | # | # | |a Phòng Tạp chí -- Trung tâm Thông tin - Thư viện Trường Đại học Đà Lạt |
| 933 | # | # | |a QT |
| 994 | # | # | |a DLU |
| 900 | # | # | |a True |
| 911 | # | # | |a Nguyễn Thị Yên |
| 925 | # | # | |a G |
| 926 | # | # | |a A |
| 927 | # | # | |a BB |
| 980 | # | # | |a Thư viện Trường Đại học Đà Lạt |